Culture Sport #2 - Statistiques

Statistiques générales
  • Ce quiz a été pris 212 fois
  • Le résultat moyen est 8 sur 10
Statistiques - réponses
Question Réponse % Correct
Quelle est la couleur du maillot porté par le leader du classement général du Tour de France ? Jaune
98%
Quel pays a remporté la Coupe du Monde de football 2022 ? Argentine
95%
Quelle ville accueillera les Jeux Olympiques d’été en 2028 ? Los Angeles
93%
Combien de joueurs composent une équipe de rugby sur le terrain ? 15
90%
Dans quel sport utilise-t-on le terme « birdie » ? Golf
87%
Quelle fédération organise les championnats du monde d’athlétisme ? World Athletics
87%
Quelle est la distance d’un marathon ? 42,195
86%
Quel footballeur est surnommé "la Pulga" ? Lionel Messi
85%
En quelle année ont eu lieu les premiers Jeux Olympiques modernes ? 1896
68%
Dans quel sport s'utilise un « puck » ? Hocker sur glace
42%
Aucun quiz correspondant
Distribution des résultats
% des personnes avec chaque résultat
Percentile par nombre de réponses
Votre historique - résultats
Vous n’avez pas pris ce quiz